Central Library OPAC University of Rajshahi

Ibn Al-Qaddah : (Record no. 32948)

MARC details
000 -LEADER
fixed length control field 00883nam a22002652a 4500
001 - CONTROL NUMBER
control field 32948
003 - CONTROL NUMBER IDENTIFIER
rucl marc code BD-RjUL
005 - DATE AND TIME OF LATEST TRANSACTION
control field 20211209051924.0
008 - FIXED-LENGTH DATA ELEMENTS--GENERAL INFORMATION
fixed length control field 140429s1957 ii b 001 0beng d
035 ## - SYSTEM CONTROL NUMBER
System control number OCLC ocm16772102 from D951201M
-- (BD-RjUL)33038
040 ## - CATALOGING SOURCE
Original cataloging agency ORZ
Transcribing agency ORZ
Modifying agency NGU
-- EQO
-- BD-RjUL
Language of cataloging eng
041 ## - LANGUAGE CODE
Language code of text/sound track or separate title eng
082 ## - DEWEY DECIMAL CLASSIFICATION NUMBER
Classification number 297.822
Author mark and year IVI 1957
100 1# - MAIN ENTRY--PERSONAL NAME
Personal name Ivanow, Wladimir.
9 (RLIN) 100139
245 10 - TITLE STATEMENT
Title Ibn Al-Qaddah :
Remainder of title (the alleged founder of Ismailism) /
Statement of responsibility, etc. W Ivanow.
250 ## - EDITION STATEMENT
Edition statement 2d rev. ed
260 ## - PUBLICATION, DISTRIBUTION, ETC. (IMPRINT)
Place of publication, distribution, etc. Bombay :
Name of publisher, distributor, etc. Ismaili Society,
Date of publication, distribution, etc. 1957.
300 ## - PHYSICAL DESCRIPTION
Pagination 159 p. ;
Size 22 cm
500 ## - GENERAL NOTE
General note First ed. published in 1946 under title: The alleged founder of Ismailism
600 10 - SUBJECT ADDED ENTRY--PERSONAL NAME
Personal name 'Abd Allāh ibn Maimūn,
Titles and other words associated with a name al-Kaddāh,
Dates associated with a name d. 874-875?
650 #0 - SUBJECT ADDED ENTRY--TOPICAL TERM
Topical term or geographic name as entry element Ismailites
9 (RLIN) 100141
830 #0 - SERIES ADDED ENTRY--UNIFORM TITLE
Volume number/sequential designation ., no. 9
Uniform title Series A (Ismaili Society) ;
942 ## - ADDED ENTRY ELEMENTS (KOHA)
Source of classification or shelving scheme Dewey Decimal Classification
Koha item type Books
Holdings
Lost status Source of classification or shelving scheme Damaged status Not for loan Permanent Location Current Location Shelving location Date acquired Source of acquisition Cost, normal purchase price Total Checkouts Full call number Date last seen Copy number Koha item type
  Dewey Decimal Classification   Not For Loan Central Library, University of Rajshahi Central Library, University of Rajshahi Reading Room 05/11/1962 Zeitlinger 24.00   297.822 IVI 1957 29/04/2014 C-1 Books